000 00639nam a2200217Ii 4500
003 JO-AjNU
008 230606s9999||||xx |||||||||||||| ||und||
020 _a978-0-521-70591-2
040 _aJO-AjNU
_beng
_erda
_cJO-AjNU
041 _aeng
050 1 4 _aPE1128 2010
100 3 _aCraven,Miles تأليف,
_eauthor
_92134
245 0 0 _aReal Listenening&Speaking 1 With answers
250 _a1 ed
264 3 1 _aNew York:Cambridge University Press,2010
300 _a111p
336 _atext
_btxt
_2rdacontent
337 _aunmediated
_bn
_2rdamedia
338 _avolume
_bnc
_2rdacarrier
650 4 _aReal Listenening-Speaking 4
_92135
999 _aE1120
_c1120
_d1120